000 00587nam a2200229Ia 4500
003 OSt
005 20221005132730.0
006 a|||||r|||| 00| 0
007 ta
008 221004b |||||||| |||| 00| 0 urd d
024 _a7228
037 _cTextual
040 _aCRL
_cCRL
_burd
041 _2urd
_aurd
082 _aO168:fp44Q7,N86, N86
100 _aEzaj Rahi
_9641542
245 0 _aUrdu Seminar
_b Usool o tehqeeq
260 _c1986
650 _aURDU LITERATURE
942 _hO168:fp44Q7,N86, N86
_cTEXL
_2cc
999 _c1064625
_d1064625